[Event "TUR-chT Clubs"]
[Site "Konya"]
[Date "2019.07.19"]
[Round "6.4"]
[White "Yilmaz, Seyma"]
[Black "Asan, Elvan"]
[Result "1-0"]
[WhiteElo "1500"]
[BlackElo "1760"]
[PlyCount "75"]
[EventDate "2019.07.16"]
[EventType "team-swiss"]
[EventRounds "9"]
[EventCountry "TUR"]
[SourceTitle "CBM 191 Extra"]
[Source "ChessBase"]
[SourceDate "2019.09.30"]
[SourceVersion "1"]
[SourceVersionDate "2019.09.30"]
[SourceQuality "1"]
[WhiteTeam "Artvin Il Ozel"]
[BlackTeam "Celik Dernegi"]
[WhiteTeamCountry "TUR"]
[BlackTeamCountry "TUR"]

1. d4 d5 2. Nf3 c6 3. e3 Bg4 4. b3 Nd7 5. Bb2 e6 6. Bd3 Ngf6 7. Nbd2 Bb4 8. a3 Bd6 9. h3 Bxf3 10. Qxf3 Qe7 11. 0-0 0-0 12. e4 e5 13. Rfe1 exd4 14. exd5 Ne5 15. Qd1 Nxd5 16. Nc4 Nf4 17. Nxd6 Qxd6 18. Bf1 c5 19. Re4 Neg6 20. Qf3 b6 21. g3 Ne6 22. h4 Rae8 23. Rae1 f5 24. Rxe6 Rxe6 25. Rxe6 Ne5 26. Rxd6 Nxf3+ 27. Kh1 Re8 28. Bc4+ Kf8 29. Re6 Rd8 30. Bc1 h6 31. Kg2 d3 32. Bxd3 Nd4 33. Re3 g6 34. Bb2 Rd6 35. a4 Ne6 36. Bc4 Nd4 37. Bxd4 Rxd4 38. Bd3 1-0

[Event "TUR-chT 2nd League"]
[Site "Konya"]
[Date "2017.07.22"]
[Round "8.6"]
[White "Asan, Elvan"]
[Black "Ozkinaci, Nursena"]
[Result "1-0"]
[WhiteElo "1754"]
[BlackElo "1159"]
[PlyCount "133"]
[EventDate "2017.07.17"]
[EventType "team-swiss"]
[EventRounds "9"]
[EventCountry "TUR"]
[SourceTitle "CBM 179 Extra"]
[Source "ChessBase"]
[SourceDate "2017.08.23"]
[SourceVersion "1"]
[SourceVersionDate "2017.08.23"]
[SourceQuality "1"]
[WhiteTeam "Genc Efe Izcilik"]
[BlackTeam "Gaziantep Sader"]
[WhiteTeamCountry "TUR"]
[BlackTeamCountry "TUR"]

1. e4 c6 2. d4 d5 3. e5 g6 4. Nf3 Bg7 5. Bd3 Nh6 6. c3 0-0 7. 0-0 f6 8. exf6 exf6 9. Qc2 Bf5 10. Nbd2 Bxd3 11. Qxd3 Nf5 12. b3 Nd7 13. Re1 Qc7 14. Ba3 Rfe8 15. Re2 Rxe2 16. Qxe2 c5 17. Qe6+ Kh8 18. Qxd5 cxd4 19. cxd4 Nb6 20. Qe4 Qd7 21. Re1 Nd5 22. Nc4 Nc3 23. Qd3 Nb5 24. Bb2 Rd8 25. Rd1 Ne7 26. a4 Nd6 27. Nfd2 Nd5 28. Nxd6 Qxd6 29. Nc4 Qd7 30. Re1 Nf4 31. Qf3 Re8 32. Rxe8+ Qxe8 33. Qe3 Qxe3 34. fxe3 Ne6 35. d5 Nc5 36. Bd4 Nxb3 37. d6 Nxd4 38. exd4 Bf8 39. d7 Be7 40. Nd6 b6 41. Nb7 Kg7 42. d8Q Bxd8 43. Nxd8 Kf8 44. Nc6 a6 45. Nb8 b5 46. axb5 axb5 47. Nc6 Ke8 48. Kf2 Kd7 49. Nb4 Kd6 50. Ke3 h6 51. Kf4 Ke6 52. d5+ Kd6 53. Ke4 f5+ 54. Kd4 g5 55. Nd3 h5 56. g3 h4 57. gxh4 gxh4 58. h3 Ke7 59. Ke5 f4 60. Kxf4 Kd6 61. Ke4 Kd7 62. Ke5 Ke7 63. d6+ Kd7 64. Nc5+ Kd8 65. Ke6 b4 66. d7 b3 67. Kd6 1-0

[Event "Mersin op 1st"]
[Site "Mersin"]
[Date "2016.10.25"]
[Round "4"]
[White "Asan, Elvan"]
[Black "Sredojevic, Ivan"]
[Result "0-1"]
[WhiteElo "1778"]
[BlackElo "2386"]
[PlyCount "88"]
[EventDate "2016.10.23"]
[EventType "swiss"]
[EventRounds "9"]
[EventCountry "TUR"]
[SourceTitle "EXT 2018"]
[Source "ChessBase"]
[SourceDate "2017.10.13"]
[SourceVersion "1"]
[SourceVersionDate "2017.10.13"]
[SourceQuality "1"]

1. e4 b6 2. d4 Bb7 3. Nd2 g6 4. Ngf3 Bg7 5. Bd3 d6 6. c3 Nd7 7. 0-0 e6 8. Re1 Ne7 9. Nf1 0-0 10. Qe2 a6 11. h3 h6 12. N1h2 e5 13. Ng4 Kh7 14. dxe5 dxe5 15. b4 a5 16. Bb2 axb4 17. cxb4 Nc6 18. a3 h5 19. Ngh2 Nd4 20. Nxd4 exd4 21. Nf3 c5 22. b5 Re8 23. Qc2 Rc8 24. Bc4 d3 25. Qd2 Bxb2 26. Ng5+ Qxg5 27. Qxg5 Ne5 28. Ba2 Bxa1 29. Rxa1 c4 30. f4 Nd7 31. e5 Kg7 32. g4 hxg4 33. Qxg4 f5 34. Qg5 Bf3 35. Kf2 Bh5 36. Rg1 Kh7 37. Ke3 Nc5 38. Qf6 Ne4 39. Qf7+ Kh6 40. e6 d2 41. e7 d1Q 42. Rxd1 Bxd1 43. Bb1 Nc3 44. Bxf5 Rxe7+ 0-1

[Event "TUR-chT"]
[Site "Kocaeli"]
[Date "2015.08.08"]
[Round "5.1"]
[White "Asan, Elvan"]
[Black "Atalik, Ekaterina"]
[Result "0-1"]
[WhiteElo "1810"]
[BlackElo "2382"]
[PlyCount "114"]
[EventDate "2015.08.04"]
[EventType "team-tourn"]
[EventRounds "13"]
[EventCountry "TUR"]
[SourceTitle "CBM 167 Extra"]
[Source "ChessBase"]
[SourceDate "2015.09.14"]
[SourceVersion "1"]
[SourceVersionDate "2015.09.14"]
[SourceQuality "1"]
[WhiteTeam "Istanbul Teknik Uni"]
[BlackTeam "Kayseri Seker"]
[WhiteTeamCountry "TUR"]
[BlackTeamCountry "TUR"]

1. e4 g6 2. d4 Bg7 3. c3 d6 4. Nf3 c5 5. d5 Nf6 6. Bd3 0-0 7. 0-0 e6 8. c4 exd5 9. exd5 Bg4 10. Nbd2 Na6 11. a3 Nc7 12. Rb1 b5 13. b3 Rb8 14. Qc2 Qd7 15. Bb2 Bxf3 16. Nxf3 Nh5 17. Bxg7 Kxg7 18. Qd2 a6 19. Rfe1 h6 20. h3 f5 21. Kh2 Rfe8 22. Rxe8 Rxe8 23. Re1 Nf6 24. Qc3 Kf7 25. Qd2 Kg7 26. Qc3 Rxe1 27. Qxe1 Qe8 28. Qc3 Qe7 29. g4 bxc4 30. bxc4 Kf7 31. gxf5 g5 32. Qe1 Qxe1 33. Nxe1 Nd7 34. Nf3 Kf6 35. Kg3 Ne8 36. Nh2 h5 37. f4 gxf4+ 38. Kxf4 Ne5 39. Be2 Ng7 40. Nf3 Nxf5 41. Nxe5 dxe5+ 42. Ke4 Nd6+ 43. Ke3 h4 44. a4 a5 45. Bd3 e4 46. Bxe4 Nxc4+ 47. Kf4 Nb6 48. Kg4 Nxa4 49. Kxh4 Nc3 50. Bc2 Nxd5 51. Kg3 Nc3 52. Kf4 a4 53. Ke3 a3 54. Bb3 a2 55. Bxa2 Nxa2 56. Kd3 Nb4+ 57. Kc4 Na6 0-1

[Event "TUR-chT"]
[Site "Kocaeli"]
[Date "2015.08.08"]
[Round "6.7"]
[White "Asan, Elvan"]
[Black "Yildiz Kadioglu, Betul Cemre"]
[Result "0-1"]
[WhiteElo "1810"]
[BlackElo "2345"]
[PlyCount "80"]
[EventDate "2015.08.04"]
[EventType "team-tourn"]
[EventRounds "13"]
[EventCountry "TUR"]
[SourceTitle "CBM 167 Extra"]
[Source "ChessBase"]
[SourceDate "2015.09.14"]
[SourceVersion "1"]
[SourceVersionDate "2015.09.14"]
[SourceQuality "1"]
[WhiteTeam "Istanbul Teknik Uni"]
[BlackTeam "Turk Hava Yollari"]
[WhiteTeamCountry "TUR"]
[BlackTeamCountry "TUR"]

1. e4 e5 2. Nf3 Nc6 3. Bc4 Nf6 4. d3 Be7 5. c3 0-0 6. 0-0 d6 7. Bb3 Na5 8. Bc2 c5 9. a4 Nc6 10. Re1 Re8 11. h3 h6 12. Na3 Bf8 13. Nc4 Be6 14. Bb3 g6 15. Qc2 Bg7 16. Ne3 d5 17. exd5 Nxd5 18. Nxd5 Bxd5 19. Bxd5 Qxd5 20. Be3 Rad8 21. Rad1 b6 22. Bc1 Re6 23. Rd2 Qd7 24. Red1 Rd6 25. Ne1 Ne7 26. Qb3 Nd5 27. Qb5 Qf5 28. Re2 Nc7 29. Qc4 Qd7 30. f4 Re8 31. fxe5 Bxe5 32. Kh1 Rf6 33. g4 Bd4 34. Re4 Rf1+ 35. Kg2 Rf2+ 36. Kg1 Rxe4 37. cxd4 Rxd4 38. Qc3 Re2 39. Nf3 Nd5 40. Qb3 Rxg4+ 0-1

[Event "TUR-chT"]
[Site "Kocaeli"]
[Date "2015.08.07"]
[Round "4.7"]
[White "Celik, Eda"]
[Black "Asan, Elvan"]
[Result "0-1"]
[WhiteElo "1656"]
[BlackElo "1810"]
[PlyCount "148"]
[EventDate "2015.08.04"]
[EventType "team-tourn"]
[EventRounds "13"]
[EventCountry "TUR"]
[SourceTitle "CBM 167 Extra"]
[Source "ChessBase"]
[SourceDate "2015.09.14"]
[SourceVersion "1"]
[SourceVersionDate "2015.09.14"]
[SourceQuality "1"]
[WhiteTeam "Pamukkale Yonetimi"]
[BlackTeam "Istanbul Teknik Uni"]
[WhiteTeamCountry "TUR"]
[BlackTeamCountry "TUR"]

1. e4 c5 2. Nf3 d6 3. Bb5+ Bd7 4. Bxd7+ Qxd7 5. 0-0 Nf6 6. Re1 e6 7. c3 Nc6 8. d4 cxd4 9. cxd4 d5 10. e5 Ne4 11. Nbd2 Nxd2 12. Bxd2 Be7 13. Rc1 0-0 14. Rc3 Rac8 15. a3 b5 16. Rd3 b4 17. h4 a5 18. Ng5 g6 19. h5 h6 20. Nh3 Kh7 21. hxg6+ fxg6 22. Qg4 Rf5 23. Nf4 g5 24. Nh5 Rcf8 25. Rf1 Bd8 26. Rh3 Qf7 27. Be3 Qg6 28. Rc1 Ne7 29. Nf6+ Kg7 30. Nd7 Rh8 31. Nc5 h5 32. Qe2 Rf7 33. Bxg5 Nf5 34. Bxd8 Rxd8 35. Qxh5 Qxh5 36. Nxe6+ Kh6 37. Rxh5+ Kxh5 38. Nxd8 Rd7 39. Nc6 Rc7 40. Rc2 b3 41. Rc3 Kg6 42. Kf1 a4 43. Ke1 Nh4 44. Rg3+ Kf5 45. Nb4 Rc1+ 46. Ke2 Ng6 47. Kd2 Rc4 48. Rf3+ Ke4 49. Rg3 Rxd4+ 50. Kc3 Rc4+ 51. Kd2 Nxe5 52. Re3+ Kd4 53. Rh3 Kc5 54. f4 Rxf4 55. Rh5 Kd4 56. Rxe5 Kxe5 57. Nd3+ Ke4 58. Nxf4 Kxf4 59. Kd3 Kg3 60. Kd4 Kxg2 61. Kxd5 Kf2 62. Kc4 Ke2 63. Kb4 Kd2 64. Kxa4 Kc2 65. Kb5 Kxb2 66. a4 Kc3 67. a5 b2 68. Ka6 b1Q 69. Ka7 Kc4 70. a6 Kc5 71. Ka8 Kc6 72. Ka7 Qb6+ 73. Ka8 Qxa6+ 74. Kb8 Qb7# 0-1

[Event "TUR-chT"]
[Site "Kocaeli"]
[Date "2015.08.04"]
[Round "1.3"]
[White "Asan, Elvan"]
[Black "Gokbulut, Julia"]
[Result "0-1"]
[WhiteElo "1810"]
[BlackElo "1975"]
[PlyCount "78"]
[EventDate "2015.08.04"]
[EventType "team-tourn"]
[EventRounds "13"]
[EventCountry "TUR"]
[SourceTitle "CBM 167 Extra"]
[Source "ChessBase"]
[SourceDate "2015.09.14"]
[SourceVersion "1"]
[SourceVersionDate "2015.09.14"]
[SourceQuality "1"]
[WhiteTeam "Istanbul Teknik Uni"]
[BlackTeam "Ankara Demirspor"]
[WhiteTeamCountry "TUR"]
[BlackTeamCountry "TUR"]

1. e4 c5 2. Nf3 e6 3. d3 Nc6 4. g3 g6 5. Bg2 Bg7 6. 0-0 Nge7 7. Nbd2 0-0 8. Re1 d6 9. c3 Rb8 10. Nf1 b5 11. Be3 b4 12. Qd2 bxc3 13. bxc3 Qa5 14. Rac1 Ba6 15. Bh6 Ne5 16. Bxg7 Kxg7 17. Nxe5 dxe5 18. h4 f6 19. g4 Rbd8 20. Re3 c4 21. Ng3 Rxd3 22. Rxd3 cxd3 23. Bf1 Qc5 24. Rd1 Rd8 25. h5 g5 26. h6+ Kf7 27. Kh1 Ng6 28. f3 Nh4 29. Bg2 Rc8 30. Rc1 Rb8 31. Nf1 Qb6 32. Ne3 Qb2 33. Rd1 Qxd2 34. Rxd2 Rb1+ 35. Nd1 Bc4 36. Kh2 Rc1 37. Nb2 Rxc3 38. Nxc4 Rxc4 39. Kg3 Rc2 0-1

[Event "TUR-chT"]
[Site "Kocaeli"]
[Date "2014.08.22"]
[Round "5.3"]
[White "Batsiashvili, Nino"]
[Black "Asan, Elvan"]
[Result "1-0"]
[WhiteElo "2435"]
[BlackElo "1821"]
[PlyCount "73"]
[EventDate "2014.08.18"]
[EventType "team-tourn"]
[EventRounds "13"]
[EventCountry "TUR"]
[SourceTitle "CBM 162 Extra"]
[Source "ChessBase"]
[SourceDate "2014.10.17"]
[SourceVersion "1"]
[SourceVersionDate "2014.10.17"]
[SourceQuality "1"]
[WhiteTeam "Hatay Buyuksehir"]
[BlackTeam "Istanbul Teknik Uni"]
[WhiteTeamCountry "TUR"]
[BlackTeamCountry "TUR"]

1. d4 d5 2. c4 c6 3. Nf3 Nf6 4. e3 Bg4 5. Nc3 e6 6. h3 Bh5 7. g4 Bg6 8. Ne5 Nbd7 9. Nxg6 hxg6 10. cxd5 exd5 11. g5 Nh7 12. f4 Bd6 13. Bd3 Qe7 14. Qf3 0-0-0 15. Bd2 Kb8 16. 0-0-0 Nhf8 17. h4 f5 18. Kb1 Qf7 19. Ne2 c5 20. Ng3 c4 21. Bc2 Nb6 22. h5 gxh5 23. Nxf5 Bc7 24. Rdg1 g6 25. Nh4 Rd6 26. f5 Rc6 27. e4 gxf5 28. exf5 Nfd7 29. Rf1 Rf8 30. Ng6 Rxg6 31. fxg6 Qxf3 32. Rxf3 Rxf3 33. g7 Rf8 34. gxf8Q+ Nxf8 35. g6 Ne6 36. Re1 Ng7 37. Bh6 1-0

[Event "TUR-chT"]
[Site "Denizli"]
[Date "2013.07.08"]
[Round "11.8"]
[White "Asan, Elvan"]
[Black "Gurcan, Aytolun"]
[Result "1-0"]
[WhiteElo "1839"]
[BlackElo "1700"]
[PlyCount "77"]
[EventDate "2013.06.29"]
[EventType "team-tourn"]
[EventRounds "13"]
[EventCountry "TUR"]
[SourceTitle "CBM 155 Extra"]
[Source "ChessBase"]
[SourceDate "2013.08.26"]
[SourceVersion "1"]
[SourceVersionDate "2013.08.26"]
[SourceQuality "1"]
[WhiteTeam "Istanbul Teknik Uni"]
[BlackTeam "Er Bakir"]
[WhiteTeamCountry "TUR"]
[BlackTeamCountry "TUR"]

1. e4 c5 2. Nf3 Nc6 3. d3 g6 4. c3 Bg7 5. g3 e6 6. Bg2 Nge7 7. 0-0 0-0 8. Na3 b6 9. Re1 Bb7 10. d4 cxd4 11. cxd4 d5 12. e5 Rc8 13. Bg5 Na5 14. b3 Qd7 15. Qd2 Rc7 16. h4 Rfc8 17. Qf4 Qe8 18. Nh2 Qf8 19. Nb5 Rc2 20. Nxa7 R8c3 21. Nb5 Rd3 22. Rec1 Rcd2 23. Bf1 Ba6 24. Bxd3 Rxd3 25. Bxe7 Qxe7 26. Rc7 Qf8 27. Nd6 Bh6 28. Qxf7+ Qxf7 29. Nxf7 Bg7 30. Nd8 Rxd4 31. Nxe6 Bxe5 32. Nxd4 Bxc7 33. Rc1 Bd6 34. Nhf3 h6 35. Re1 Nb7 36. Re8+ Kf7 37. Ra8 Nc5 38. b4 Bb7 39. bxc5 1-0

[Event "TUR-chT"]
[Site "Denizli"]
[Date "2013.07.07"]
[Round "10.8"]
[White "Soylemez, Cansu"]
[Black "Asan, Elvan"]
[Result "1/2-1/2"]
[WhiteElo "1938"]
[BlackElo "1839"]
[PlyCount "95"]
[EventDate "2013.06.29"]
[EventType "team-tourn"]
[EventRounds "13"]
[EventCountry "TUR"]
[SourceTitle "CBM 155 Extra"]
[Source "ChessBase"]
[SourceDate "2013.08.26"]
[SourceVersion "1"]
[SourceVersionDate "2013.08.26"]
[SourceQuality "1"]
[WhiteTeam "Besiktas Jimnastik"]
[BlackTeam "Istanbul Teknik Uni"]
[WhiteTeamCountry "TUR"]
[BlackTeamCountry "TUR"]

1. d4 Nf6 2. c4 e6 3. Nf3 b6 4. a3 Bb7 5. Nc3 d5 6. Bg5 Be7 7. e3 Nbd7 8. Bd3 0-0 9. 0-0 Ne4 10. Bxe7 Qxe7 11. Rc1 c5 12. Qe2 f5 13. Rfd1 Ndf6 14. cxd5 exd5 15. Ne5 c4 16. Bb1 Nxc3 17. Rxc3 Ne4 18. Rcc1 b5 19. f3 Nd6 20. Qc2 g6 21. Qf2 Nf7 22. Nxf7 Rxf7 23. Re1 a5 24. h4 b4 25. axb4 axb4 26. Qg3 Qf6 27. h5 Re8 28. hxg6 hxg6 29. Kf2 Kg7 30. f4 Rfe7 31. Qh3 Qe6 32. Re2 Rh8 33. Qg3 Ba6 34. Ree1 Rhe8 35. Qg5 Rh8 36. Bxf5 Qf6 37. Qxf6+ Kxf6 38. Bg4 Rhe8 39. Bf3 Bb7 40. Ra1 g5 41. fxg5+ Kxg5 42. Ra5 Rd8 43. Rh1 Kg6 44. Rb5 b3 45. Rb6+ Kg7 46. Rbh6 Ra8 47. Rh7+ Kf8 48. Rh8+ 1/2-1/2

[Event "TUR-chT"]
[Site "Denizli"]
[Date "2013.07.06"]
[Round "8.8"]
[White "Paikidze, Nazi"]
[Black "Asan, Elvan"]
[Result "1-0"]
[WhiteElo "2368"]
[BlackElo "1839"]
[PlyCount "113"]
[EventDate "2013.06.29"]
[EventType "team-tourn"]
[EventRounds "13"]
[EventCountry "TUR"]
[SourceTitle "CBM 155 Extra"]
[Source "ChessBase"]
[SourceDate "2013.08.26"]
[SourceVersion "1"]
[SourceVersionDate "2013.08.26"]
[SourceQuality "1"]
[WhiteTeam "Alyans Satranc"]
[BlackTeam "Istanbul Teknik Uni"]
[WhiteTeamCountry "TUR"]
[BlackTeamCountry "TUR"]

1. d4 Nf6 2. c4 e6 3. Nc3 Bb4 4. e3 0-0 5. Bd3 d5 6. Nf3 b6 7. 0-0 Bb7 8. cxd5 exd5 9. a3 Be7 10. Ne5 Nbd7 11. f4 Ne4 12. Qc2 f5 13. g4 Nxe5 14. fxe5 fxg4 15. Rxf8+ Qxf8 16. Nxe4 dxe4 17. Bxe4 Bxe4 18. Qxe4 Bh4 19. Qf4 g5 20. Qxf8+ Rxf8 21. Bd2 Rf2 22. Bc3 Re2 23. d5 Rxe3 24. Rd1 g3 25. h3 g4 26. hxg4 a5 27. d6 cxd6 28. exd6 Kf7 29. Rd5 Ke6 30. Rh5 Bd8 31. Rh6+ Kd7 32. Kg2 Bg5 33. Rxh7+ Kxd6 34. Kh3 Bf4 35. Bd2 Re4 36. Bxf4+ Rxf4 37. Kxg3 Rf8 38. Rh5 Kc6 39. Rf5 Re8 40. g5 Re1 41. Kf2 Rb1 42. g6 Rxb2+ 43. Kg1 Rb1+ 44. Kh2 Rb2+ 45. Kh3 Rb3+ 46. Kh4 Rxa3 47. g7 Ra1 48. Rg5 Rh1+ 49. Kg4 Rg1+ 50. Kh5 Rxg5+ 51. Kxg5 Kc5 52. g8Q Kb4 53. Qa2 b5 54. Kf4 a4 55. Ke3 Kc3 56. Qa3+ Kc4 57. Ke4 1-0

[Event "TUR-chT"]
[Site "Denizli"]
[Date "2013.07.04"]
[Round "7.8"]
[White "Asan, Elvan"]
[Black "Sahin, Handenur"]
[Result "0-1"]
[WhiteElo "1839"]
[BlackElo "1791"]
[PlyCount "84"]
[EventDate "2013.06.29"]
[EventType "team-tourn"]
[EventRounds "13"]
[EventCountry "TUR"]
[SourceTitle "CBM 155 Extra"]
[Source "ChessBase"]
[SourceDate "2013.08.26"]
[SourceVersion "1"]
[SourceVersionDate "2013.08.26"]
[SourceQuality "1"]
[WhiteTeam "Istanbul Teknik Uni"]
[BlackTeam "Kahramanmaras Belediye"]
[WhiteTeamCountry "TUR"]
[BlackTeamCountry "TUR"]

1. e4 Nf6 2. d3 e5 3. Nf3 Nc6 4. g3 d5 5. Nbd2 Bc5 6. Bg2 0-0 7. 0-0 a6 8. c3 dxe4 9. dxe4 h6 10. Qc2 Be6 11. b4 Bb6 12. Bb2 Qe7 13. a3 Rad8 14. h3 Rfe8 15. Rad1 Nh7 16. Kh2 Ng5 17. Nxg5 Qxg5 18. f4 exf4 19. gxf4 Qh4 20. f5 Bc8 21. Nc4 Ba7 22. Bc1 b5 23. Nb2 Ne5 24. Rf4 Qf6 25. Qe2 Rxd1 26. Nxd1 Nc4 27. Qf3 Qd6 28. Nf2 Bb7 29. Kh1 Ne5 30. Qg3 Bxf2 31. Rxf2 Nd3 32. Rf3 Qxg3 33. Rxg3 Nxc1 34. Re3 Rd8 35. e5 Rd1+ 36. Kh2 Rd2 37. Rg3 Ne2 38. Bxb7 Nxg3+ 39. Kxg3 Rd3+ 40. Kg4 Rxc3 41. Bxa6 Rxa3 42. Bxb5 Rb3 0-1

[Event "TUR-chT"]
[Site "Konya"]
[Date "2012.07.22"]
[Round "13"]
[White "Mutlu, Beste"]
[Black "Asan, Elvan"]
[Result "1-0"]
[WhiteElo "1640"]
[BlackElo "1817"]
[PlyCount "77"]
[EventDate "2012.07.11"]
[EventType "team-tourn"]
[EventRounds "13"]
[EventCountry "TUR"]
[SourceTitle "CBM 149 Extra"]
[Source "ChessBase"]
[SourceDate "2012.08.24"]
[SourceVersion "1"]
[SourceVersionDate "2012.08.24"]
[SourceQuality "1"]
[WhiteTeam "Mersin Ezgi"]
[BlackTeam "Istanbul Teknik Uni"]
[WhiteTeamCountry "TUR"]
[BlackTeamCountry "TUR"]

1. e4 e5 2. Nf3 Nc6 3. Bc4 Bc5 4. c3 Nf6 5. d3 d6 6. Bb3 a6 7. Nbd2 Ba7 8. 0-0 0-0 9. Re1 h6 10. Nf1 Re8 11. h3 Na5 12. Bc2 c5 13. Ng3 Nc6 14. Nh2 b5 15. Qf3 Nh7 16. Ng4 Ng5 17. Qe2 Bxg4 18. Qxg4 Qf6 19. Nf5 Qg6 20. h4 Nh7 21. Qxg6 fxg6 22. Nxd6 Red8 23. Bb3+ Kf8 24. Nb7 Rxd3 25. Bd5 Rc8 26. Be3 Ne7 27. Rad1 Rxd1 28. Rxd1 Nf6 29. Be6 Rb8 30. Nxc5 Bxc5 31. Bxc5 Nxe4 32. Bb4 Nf6 33. Rd6 Ra8 34. Rb6 Ke8 35. Rb7 Nc6 36. Rxg7 a5 37. Bc5 Rd8 38. Bf7+ Kd7 39. Bd5+ 1-0

[Event "TUR-chT"]
[Site "Konya"]
[Date "2012.07.20"]
[Round "11"]
[White "Arig, Busra"]
[Black "Asan, Elvan"]
[Result "0-1"]
[WhiteElo "1864"]
[BlackElo "1817"]
[PlyCount "150"]
[EventDate "2012.07.11"]
[EventType "team-tourn"]
[EventRounds "13"]
[EventCountry "TUR"]
[SourceTitle "CBM 149 Extra"]
[Source "ChessBase"]
[SourceDate "2012.08.24"]
[SourceVersion "1"]
[SourceVersionDate "2012.08.24"]
[SourceQuality "1"]
[WhiteTeam "Ceyhan Belediye"]
[BlackTeam "Istanbul Teknik Uni"]
[WhiteTeamCountry "TUR"]
[BlackTeamCountry "TUR"]

1. d4 d5 2. Nf3 e6 3. c4 c6 4. e3 f5 5. g3 Nf6 6. Bg2 Be7 7. 0-0 0-0 8. b3 Nbd7 9. Ba3 Ne4 10. Bxe7 Qxe7 11. Ne5 Qf6 12. Nxd7 Bxd7 13. f3 Ng5 14. Nc3 Qh6 15. Qe2 Rae8 16. e4 f4 17. g4 e5 18. Rad1 exd4 19. Rxd4 Ne6 20. Rd2 d4 21. c5 dxc3 22. Rxd7 Nxc5 23. Qc4+ Qe6 24. Rd4 Qxc4 25. Rxc4 Ne6 26. Rxc3 Rd8 27. Rf2 Rd1+ 28. Bf1 Rfd8 29. Kg2 Kf7 30. Bc4 Ke7 31. b4 Rb1 32. Bb3 Nd4 33. Rd2 Nxb3 34. Rxd8 Rb2+ 35. Kh3 Kxd8 36. Rd3+ Ke7 37. axb3 g5 38. Rc3 a6 39. Rc5 h6 40. Re5+ Kf6 41. Rf5+ Kg6 42. Re5 Rxb3 43. Re6+ Kf7 44. Rxh6 Rxf3+ 45. Kg2 Re3 46. Rh7+ Ke6 47. Rxb7 Rxe4 48. Rb6 Kd5 49. Kf3 Re3+ 50. Kf2 Rb3 51. Kg2 Kd6 52. Kf2 Kc7 53. Rxa6 Rxb4 54. Ra7+ Kb6 55. Rg7 Rb5 56. Kf3 Re5 57. Rg8 Kc5 58. Rh8 Kc4 59. Rh5 c5 60. Kf2 Kd4 61. Kf3 c4 62. h4 Re3+ 63. Kf2 gxh4 64. Rxh4 Rg3 65. g5 Rxg5 66. Rxf4+ Kc3 67. Rf8 Kc2 68. Rc8 c3 69. Ke3 Rd5 70. Ke4 Rd2 71. Ke3 Kb2 72. Rb8+ Kc1 73. Ra8 Rd6 74. Rc8 c2 75. Rc7 Kd1 0-1

[Event "TUR-chT"]
[Site "Konya"]
[Date "2012.07.15"]
[Round "5"]
[White "Sahin, Gizem"]
[Black "Asan, Elvan"]
[Result "0-1"]
[WhiteElo "1578"]
[BlackElo "1817"]
[PlyCount "68"]
[EventDate "2012.07.11"]
[EventType "team-tourn"]
[EventRounds "13"]
[EventCountry "TUR"]
[SourceTitle "CBM 149 Extra"]
[Source "ChessBase"]
[SourceDate "2012.08.24"]
[SourceVersion "1"]
[SourceVersionDate "2012.08.24"]
[SourceQuality "1"]
[WhiteTeam "Antalya Deniz Genclik"]
[BlackTeam "Istanbul Teknik Uni"]
[WhiteTeamCountry "TUR"]
[BlackTeamCountry "TUR"]

1. e4 e5 2. Nf3 Nc6 3. Bc4 Be7 4. Nc3 Nf6 5. 0-0 0-0 6. d3 d6 7. h3 Na5 8. Bb3 Nxb3 9. axb3 c6 10. Be3 b6 11. Re1 Qc7 12. d4 Bb7 13. Qd3 Rfd8 14. d5 cxd5 15. Nd2 dxe4 16. Ndxe4 Nxe4 17. Nxe4 Qc6 18. Bd2 f5 19. Qg3 fxe4 20. Bh6 Bf6 21. c3 Kh8 22. Bg5 Bxg5 23. Qxg5 Qe8 24. Re3 Qg6 25. Qh4 Qf6 26. Qg3 Qf4 27. Rae1 d5 28. b4 Qxg3 29. Rxg3 d4 30. Kf1 Ba6+ 31. Kg1 d3 32. Rge3 d2 33. Rd1 Bc4 34. Rxe4 Bb3 0-1

[Event "TUR-chT"]
[Site "Konya"]
[Date "2012.07.12"]
[Round "2"]
[White "Asan, Elvan"]
[Black "Kaya, Emel"]
[Result "1-0"]
[WhiteElo "1817"]
[BlackElo "1992"]
[PlyCount "119"]
[EventDate "2012.07.11"]
[EventType "team-tourn"]
[EventRounds "13"]
[EventCountry "TUR"]
[SourceTitle "CBM 149 Extra"]
[Source "ChessBase"]
[SourceDate "2012.08.24"]
[SourceVersion "1"]
[SourceVersionDate "2012.08.24"]
[SourceQuality "1"]
[WhiteTeam "Istanbul Teknik Uni"]
[BlackTeam "Istanbul Pera"]
[WhiteTeamCountry "TUR"]
[BlackTeamCountry "TUR"]

1. e4 c5 2. Nf3 d6 3. d3 Nc6 4. g3 g6 5. Bg2 Bg7 6. c3 e6 7. 0-0 Nge7 8. Na3 0-0 9. Re1 e5 10. h3 Rb8 11. g4 b5 12. g5 Be6 13. Nc2 b4 14. c4 Qd7 15. Kh2 f5 16. b3 Nd4 17. Ncxd4 cxd4 18. Bd2 fxe4 19. dxe4 Rf7 20. Rf1 Rbf8 21. Bxb4 Qb7 22. Bxd6 Qxe4 23. Qe1 Qxe1 24. Raxe1 Rxf3 25. Bxf3 Rxf3 26. Bxe7 Bxh3 27. Rg1 Bf5 28. Kg2 e4 29. Rh1 d3 30. Bc5 Rf4 31. Be3 Rg4+ 32. Kf1 Bf8 33. c5 Bd7 34. Rc1 Bc6 35. Ke1 Be7 36. Kd2 Bxg5 37. Rcg1 Bxe3+ 38. Kxe3 Rxg1 39. Rxg1 Kf7 40. b4 Ke6 41. b5 Bxb5 42. Kxe4 Kd7 43. Ke3 Kc6 44. Rh1 h5 45. Rg1 Kxc5 46. Rxg6 Kc4 47. Rh6 Kc3 48. Rxh5 Bc4 49. Rc5 a5 50. a3 a4 51. Rc7 d2 52. Rxc4+ Kxc4 53. Kxd2 Kb3 54. f4 Kxa3 55. f5 Kb2 56. f6 a3 57. f7 a2 58. f8Q a1Q 59. Qb4+ Ka2 60. Kc2 1-0

[Event "EU-ch U18 Girls"]
[Site "Batumi"]
[Date "2010.09.23"]
[Round "5"]
[White "Asan, Elvan"]
[Black "Milcova, Zuzana"]
[Result "0-1"]
[WhiteElo "1817"]
[BlackElo "1938"]
[PlyCount "82"]
[EventDate "2010.09.20"]
[EventType "swiss"]
[EventRounds "9"]
[EventCountry "GEO"]
[SourceTitle "CBM 138 Extra"]
[Source "ChessBase"]
[SourceDate "2010.10.29"]
[SourceVersion "1"]
[SourceVersionDate "2010.10.29"]
[SourceQuality "1"]

1. e4 d5 2. exd5 Nf6 3. d4 Nxd5 4. Nf3 Bg4 5. Nbd2 e6 6. c3 c6 7. Qb3 Qc7 8. Ne5 Bf5 9. g4 Bg6 10. h4 f6 11. Nxg6 hxg6 12. c4 Nb6 13. Nf3 N8d7 14. Be3 Be7 15. Bd3 f5 16. g5 e5 17. dxe5 Nxe5 18. Nxe5 Qxe5 19. 0-0-0 0-0-0 20. Kb1 Bc5 21. Bxc5 Qxc5 22. Qc3 Rd7 23. f4 Qf2 24. Rdf1 Qd4 25. Kc2 Rhd8 26. Rf3 Na4 27. Qxd4 Rxd4 28. b3 Nc5 29. Rd1 Kc7 30. Be2 Ne6 31. Re3 Nxf4 32. Re7+ R8d7 33. Rxd4 Rxe7 34. Rxf4 Rxe2+ 35. Kb1 Re4 36. Rxe4 fxe4 37. Kc2 Kd6 38. Kd2 c5 39. a3 a5 40. Ke3 Ke5 41. a4 b6 0-1